Skoki Narciarskie - Top 15 zawodników sezonu 2024/2025 - Statystyki

Ogólne statystyki
  • Ten quiz został rozwiązany 186 razy
  • Średni wynik to 13 z 15
Statystyki odpowiedzi
Miejsce Zawodnik Kraj Punkty % Poprawnych
3. Stefan KRAFT AUSTRIA 1290
99%
14. Paweł WĄSEK POLSKA 612
97%
10. Domen PREVC SŁOWENIA 776
94%
9. Ryoyu KOBAYASHI JAPONIA 910
94%
4. Anze LANISEK SŁOWENIA 1056
93%
2. Jan HOERL AUSTRIA 1652
91%
8. Johann Andre-FORFANG NORWEGIA 955
90%
13. Karl GEIGER NIEMCY 638
89%
7. Andreas WELLINGER NIEMCY 989
87%
6. Gregor DESCHWANDEN SZWAJCARIA 996
87%
1. Daniel TSCHOFENIG AUSTRIA 1805
86%
5. Pius PASCHKE NIEMCY 1006
84%
11. Maximilian ORTNER AUSTRIA 726
74%
12. Kristoffer Eriksen-SUNDAL NORWEGIA 678
72%
15. Michael HAYBOECK AUSTRIA 587
58%
Nie znaleziono quizów pasujących do podanych kryteriów
Rozkład punktacji
Procent ludzi z każdym wynikiem
Percentyl według liczby udzielonych odpowiedzi
Twoja historia wyników
Nie rozwiązałeś tego quizu